| 000 | nam a22 7a 4500 | ||
|---|---|---|---|
| 999 |
_c30345 _d30345 |
||
| 008 | 190516b xxu||||| |||| 00| 0 eng d | ||
| 020 | _a9789966368713 | ||
| 050 | _a AFR PR 9381 .K57 2013 | ||
| 100 | _aKirwok,Kap. | ||
| 245 |
_aThe heart is a reluctant nomad / _cKap Kirwok. |
||
| 260 |
_aNairobi, Kenya : _bLonghorn publishers , _c2013. |
||
| 300 |
_aiii,175p. : _c18cm. |
||
| 650 | _aFiction. | ||
| 942 |
_2lcc _cAFRICANA |
||